Les Chœurs dans la tragédie religieuse de la première moitié du xviie siècle (notice n° 1600297)

détails MARC
000 -LEADER
fixed length control field 00508cam a2200145 4500500
005 - DATE AND TIME OF LATEST TRANSACTION
control field 20251228083008.0
041 ## - LANGUAGE CODE
Language code of text/sound track or separate title fre
042 ## - AUTHENTICATION CODE
Authentication code dc
100 10 - MAIN ENTRY--PERSONAL NAME
Personal name Blanc, André
Relator term author
245 00 - TITLE STATEMENT
Title Les Chœurs dans la tragédie religieuse de la première moitié du xviie siècle
260 ## - PUBLICATION, DISTRIBUTION, ETC.
Date of publication, distribution, etc. 2010.<br/>
500 ## - GENERAL NOTE
General note 35
786 0# - DATA SOURCE ENTRY
Note Dix-septième siècle | 248 | 3 | 2010-09-15 | p. 515-530 | 0012-4273
856 41 - ELECTRONIC LOCATION AND ACCESS
Uniform Resource Identifier <a href="https://shs.cairn.info/revue-dix-septieme-siecle-2010-3-page-515?lang=fr&redirect-ssocas=7080">https://shs.cairn.info/revue-dix-septieme-siecle-2010-3-page-515?lang=fr&redirect-ssocas=7080</a>

Pas d'exemplaire disponible.

PLUDOC

PLUDOC est la plateforme unique et centralisée de gestion des bibliothèques physiques et numériques de Guinée administré par le CEDUST. Elle est la plus grande base de données de ressources documentaires pour les Étudiants, Enseignants chercheurs et Chercheurs de Guinée.

Adresse

627 919 101/664 919 101

25 boulevard du commerce
Kaloum, Conakry, Guinée

Réseaux sociaux

Powered by Netsen Group @ 2025